000 01002pam a2200253 a 4500
001 1088233
005 20260304140719.0
008 920717s1992 mau b 001 0 eng
020 _a0943575966 :
_c$9.95
020 _a9780943575964
050 0 0 _aBS2655.W5
_bK44 1992
082 0 0 _a261.83/442
_220
100 1 _aKeener, Craig S.,
_d1960-
245 1 0 _aPaul, women & wives :
_bmarriage and women's ministry in the letters of Paul /
_cCraig S. Keener.
260 _aPeabody, Mass. :
_bHendrickson Publishers,
_cc1998
300 _axviii, 350 p. ;
_c22 cm.
650 0 _aWomen in the Bible.
650 0 _aWomen in Christianity
_xBiblical teaching.
650 0 _aMarriage
_xBiblical teaching.
650 0 _aWomen in Christianity
_xHistory
_yEarly church, ca. 30-600.
856 4 2 _3Publisher description
_uhttp://www.loc.gov/catdir/description/hend021/92026515.html
856 4 2 _3Contributor biographical information
_uhttp://www.loc.gov/catdir/enhancements/fy0706/92026515-b.html
942 _2lcc
_cBK
_n0
999 _c8876
_d8876